LEADER 01068nam0-22003251i-450- 001 990004148960403321 005 20090525104433.0 035 $a000414896 035 $aFED01000414896 035 $a(Aleph)000414896FED01 035 $a000414896 100 $a19990604d1886----km-y0itay50------ba 101 0 $alat 105 $ay-------00-e- 200 1 $aEpistolarum ad T. Pomponium Atticum$eLibri XVI$fM. Tulli Ciceronis$grecensuit et adnotatione illustravit I.C.G. Boot 205 $aEditio altera emendata et aucta 210 $aAmstelodami$cApud Joh. Mullerum$d1886 215 $aXXIV,765 p.$d25 cm 500 10$aEpistulae ad Atticum$m$915119 676 $a876.01 700 1$aCicero,$bMarcus Tullius$f<106 a.C.-43 a.C.>$082411 702 1$aBoot,$bI.C.G. 801 0$aIT$bUNINA$gRICA$2UNIMARC 901 $aBK 912 $a990004148960403321 952 $aP2B-650-CIC.M.T.-416A-1886$bBibl. 25968$fFLFBC 952 $aP2B-650-CIC.M.T.-416A-1886 BIS$bBIBL.3303$fFLFBC 959 $aFLFBC 996 $aEpistulae ad Atticum$915119 997 $aUNINA LEADER 01365nam 2200373Ia 450 001 996396948103316 005 20221108022415.0 035 $a(CKB)4330000000345017 035 $a(EEBO)2248503015 035 $a(OCoLC)11827389 035 $a(EXLCZ)994330000000345017 100 $a19850320d1685 uy | 101 0 $aeng 135 $aurbn||||a|bb| 200 14$aThe providence of God in sudden death ordinary and extraordinary vindicated and improved$b[electronic resource] $ein a funeral sermon for Mrs. Mary Reve, wife to Mr. Nicholas Reve, merchant : first preached to the English Church in Rotterdam, January 14, 1685, and since enlarged /$fby Joseph Hill 210 $aRotterdam $cPrinted by Reinier Leers$d1685 215 $a[4], 52 p 300 $aReproduction of original in Union Theological Seminary Library, New York. 330 $aeebo-0160 606 $aDeath$vSermons 606 $aFuneral sermons 606 $aSermons, English$y17th century 615 0$aDeath 615 0$aFuneral sermons. 615 0$aSermons, English 700 $aHill$b Joseph$f1625-1707.$01003294 801 0$bEAA 801 1$bEAA 801 2$bm/c 801 2$bWaOLN 906 $aBOOK 912 $a996396948103316 996 $aThe providence of God in sudden death ordinary and extraordinary vindicated and improved$92327777 997 $aUNISA